Catálogo
 En Linea

Cuadernos del retorno a la escritura en libertad : (Registro nro. 39947)

Detalles MARC
000 -CABECERA
campo de control de longitud fija 00623nam a2200181 a 4500
001 - NÚMERO DE CONTROL
campo de control 000040457
005 - FECHA Y HORA DE LA ÚLTIMA TRANSACCIÓN
campo de control 20201002034137.0
008 - DATOS DE LONGITUD FIJA--INFORMACIÓN GENERAL
campo de control de longitud fija 130826s2013 dr a 000 0 spa d
020 ## - NÚMERO INTERNACIONAL ESTÁNDAR DEL LIBRO
Número Internacional Estándar del Libro 9789945008166
040 ## - FUENTE DE LA CATALOGACIÓN
Centro catalogador/agencia de origen DO-SdBNP
Lengua de catalogación spa
Centro/agencia transcriptor BNPHU
245 00 - MENCIÓN DE TÍTULO
Título Cuadernos del retorno a la escritura en libertad :
Resto del título antología poética /
Mención de responsabilidad, etc. Edicion, presentación y notas Rei Berroa.
260 ## - PUBLICACIÓN, DISTRIBUCIÓN, ETC.
Lugar de publicación, distribución, etc. Santo Domingo :
Nombre del editor, distribuidor, etc. Búho,
Fecha de publicación, distribución, etc. 2013.
300 ## - DESCRIPCIÓN FÍSICA
Extensión 291 p. :
Otras características físicas retrs. ;
Dimensiones 23 cm.
490 1# - MENCIÓN DE SERIE
Mención de serie Libros de la Luna
Designación de volumen o secuencia 8
500 ## - NOTA GENERAL
Nota general Incluye notas al pie de las páginas
700 1# - PUNTO DE ACCESO ADICIONAL--NOMBRE DE PERSONA
Nombre de persona Berroa, Rei,
Término indicativo de función/relación ed.
9 (RLIN) 319
830 #0 - PUNTO DE ACCESO ADICIONAL DE SERIE-TÍTULO UNIFORME
Título uniforme Libros de la Luna
Designación de volumen o secuencia 8
9 (RLIN) 10156
Existencias
Estado de retiro Estado de pérdida Fuente del sistema de clasificación o colocación Restricciones de uso No para préstamo Código de colección Localización permanente Ubicación/localización actual Ubicación en estantería Fecha de adquisición Número de inventario Total de préstamos Signatura topográfica completa Código de barras Fecha visto por última vez Número de copia Precio válido a partir de Tipo de ítem Koha
    Dewey Decimal Classification   Préstamo restrigido Patrimonio Dominicano Biblioteca Nacional Pedro Henríquez Ureña Biblioteca Nacional Pedro Henríquez Ureña En catalogación 26.08.2013 LF1   40457-30 25.06.2020 e. 2 25.06.2020 Libro y Folleto Colección Patrimonio Dominicano
        Excluido de préstamo Patrimonio Dominicano Patrimonio Dominicano Patrimonio Dominicano En catalogación 26.08.2013 LF1   40457-10 25.06.2020   25.06.2020 Libro y Folleto Colección Patrimonio Dominicano
        Excluido de préstamo Patrimonio Dominicano Patrimonio Dominicano Patrimonio Dominicano En catalogación 26.08.2013 LF1   40457-20 25.06.2020 e. 2 25.06.2020 Libro y Folleto Colección Patrimonio Dominicano

Con tecnología Koha